| Поле | Инд. | ПП | Название | Значение |
|---|---|---|---|---|
| Тип записи | a | |||
| Библиографический уровень | b | |||
| 001 | Контрольный номер | RU/IS/BASE/125507218 | ||
| 005 | Дата корректировки | 20200522190817.3 | ||
| 084 | a | Индекс другой классификации/Индекс ББК | 65.291.592в | |
| 100 | 1_ | a | Автор | Баранов Н. |
| q | Полное имя | Баранов Николай | ||
| 245 | a | Заглавие | Риск и оптимум в формировании запасов | |
| 520 | a | Аннотация | Анализ проблем минимизации финансовых потерь и повышение уровня сервиса в деятельности торговых компаний и предприятий, специализирующихся на обеспечении сельхозтоваропроизводителей материально-техническими ресурсами. | |
| 650 | a | Основная рубрика | логистика | |
| a | Основная рубрика | экономика | ||
| a | Основная рубрика | экономика предприятия | ||
| 653 | a | Ключевые слова | агропромышленный комплекс | |
| a | Ключевые слова | избыточные запасы | ||
| a | Ключевые слова | классификация товаров | ||
| a | Ключевые слова | материально-технические ресурсы | ||
| a | Ключевые слова | налоги | ||
| a | Ключевые слова | оптово-розничные предприятия | ||
| a | Ключевые слова | потребительский спрос | ||
| a | Ключевые слова | расходы предприятия | ||
| a | Ключевые слова | совокупные запасы | ||
| a | Ключевые слова | страхование | ||
| a | Ключевые слова | страховые запасы | ||
| a | Ключевые слова | текущие запасы | ||
| a | Ключевые слова | торговое предприятие | ||
| a | Ключевые слова | управление запасами | ||
| a | Ключевые слова | управление рисками (риск-менеджмент) | ||
| a | Ключевые слова | финансовые потери | ||
| a | Ключевые слова | хищения | ||
| a | Ключевые слова | экономические затраты | ||
| a | Ключевые слова | экономические риски | ||
| 773 | t | Заглавие источника | РИСК: ресурсы, информация, снабжение, конкуренция | |
| d | Дата издания источника | 2003 | ||
| g | Прочая информация | № 3. - С. 35 - 42 : табл., эконом. расчет. | ||
| w | Контрольный № источника | RU/IS/BASE/121272722 | ||
| 901 | t | Тип документа | b |